| 000 | 00514nmm a2200169Ia 4500 | ||
|---|---|---|---|
| 008 | 251105s9999||||xx |||||||||||||||||und|| | ||
| 020 | _a9788425231940 | ||
| 041 | _aspa | ||
| 100 | _aMills, Molla | ||
| 245 | 0 |
_aCrochet In & Out : _b 35 diseños para disfrutar en tu casa y al aire libre |
|
| 264 |
_a[Madrid, España] : _bEditorial Gustavo Gili, _c2019 |
||
| 300 | _a208 páginas | ||
| 490 | _aGGDIY | ||
| 650 | _aDesign and fashion | ||
| 856 | _uhttps://public.digitaliapublishing.com/a/65925 | ||
| 942 | _cCF | ||
| 999 |
_c80381 _d80381 |
||